000 00214 a2200109 4500
001 51121
040 _cAnchieta - Pituba
240 1 0 _aEu, O Robô
_l
245 1 0 _aEu, O Robô
650 4 _aGeneralidades
942 _cMX
999 _c51121
_d51121